La educación inicial y el maestro./ (Registro nro. 8732)
[ vista simple ]
| 000 -LEADER | |
|---|---|
| fixed length control field | 01196nam a2200205Ia 4500 |
| 005 - FECHA Y HORA DE LA ÚLTIMA TRANSACCIÓN | |
| control field | 20250325194157.0 |
| 008 - FIXED-LENGTH DATA ELEMENTS--GENERAL INFORMATION | |
| fixed length control field | 230725s9999 xx 000 0 und d |
| 020 ## - INTERNATIONAL STANDARD BOOK NUMBER | |
| International Standard Book Number | 968-24-2222-1 |
| 040 ## - CATALOGING SOURCE | |
| Original cataloging agency | UPAN |
| Transcribing agency | Biblioteca San Vicente |
| Description conventions | RCAA2 |
| 041 ## - LANGUAGE CODE | |
| Language code of text/sound track or separate title | spa |
| 082 ## - DEWEY DECIMAL CLASSIFICATION NUMBER | |
| Classification number | 370.732 |
| Item number | K389e |
| año de publicación | 1987 |
| 100 ## - MAIN ENTRY--PERSONAL NAME | |
| Personal name | Katz, Liliana G. |
| Relator code | aut. |
| 245 #0 - TITLE STATEMENT | |
| Title | La educación inicial y el maestro./ |
| Statement of responsibility, etc | Liliana G. Katz |
| 250 ## - EDITION STATEMENT | |
| Edition statement | 1° ed. |
| 260 ## - PUBLICATION, DISTRIBUTION, ETC. (IMPRINT) | |
| Place of publication, distribution, etc | Mexico: |
| Name of publisher, distributor, etc | Trillas, |
| Date of publication, distribution, etc | 1987 |
| 300 ## - PHYSICAL DESCRIPTION | |
| Extent | 101 p.; |
| Dimensions | 23 cm. |
| 505 ## - FORMATTED CONTENTS NOTE | |
| Formatted contents note | Primera Parte. Desarrollo del maestro. <br/>Cap. 1. Etapas del desarrollo del maestro. <br/>Cap. 2. Los maestros de nivel preescolar: problemas y perspectivas. <br/>Cap. 3. La capacitación en servicio: el enfoque de consultoría. <br/>Cap. 4. El modelo de capacitación para programas de educación inicial. <br/>Cap. 5. Retos para el educador. <br/>Cap. 6. Programas de educación inicial y discusiones ideológicas. <br/>Segunda Parte. El trabajo con niños. <br/>Cap. 7. Planificación de programas de educación inicial. <br/>Cap. 8. Necesidades de los niños para su desarrollo óptimo. <br/>Cap. 9. Condiciones con prudencia. <br/>Cap. 10. ¿Educación o conmoción?. |
| 650 ## - SUBJECT ADDED ENTRY--TOPICAL TERM | |
| Source of heading or term | LEMB |
| General subdivision | Educación |
| 942 ## - ADDED ENTRY ELEMENTS (KOHA) | |
| Koha item type | Libros |
| Source of classification or shelving scheme | Dewey Decimal Classification |
| Withdrawn status | Lost status | Source of classification or shelving scheme | Damaged status | Not for loan | Collection code | Home library | Current library | Date acquired | Total Checkouts | Full call number | Barcode | Date last seen | Price effective from | Koha item type |
|---|---|---|---|---|---|---|---|---|---|---|---|---|---|---|
| Dewey Decimal Classification | Colección General | Biblioteca UPAN San Vicente | Biblioteca UPAN San Vicente | 25/07/2023 | 370.732 K389e | 12001286 | 25/07/2023 | 25/07/2023 | Libros |